000 01120nam a2200337 i 4500
001 000012697
003 DO-SdBNP
005 20250630104809.0
007 ta
008 091116s2000 dr r 000 f spa d
020 _a8484000184
040 _aDO-SdBNP
_bspa
_cBNPHU
_erda
041 _hspa
082 _aRD863.44
_bP936m, 2000
_222
100 1 _aPrestol Castillo, Freddy,
_d1914-1981
_eautor
_922071
245 1 3 _aEl Masacre se pasa a pie /
_cFreddy Prestol Castillo.
250 _adecimo segunda edición
264 _aSanto Domingo :
_bTaller,
_c2000.
300 _a201 páginas ;
_c21 cm.
336 _ardacontent
_btexto
_2txt
337 _ardamedia
_bsin mediación
_2n
338 _ardacarrier
_bvolumen
_2nc
490 1 _aBiblioteca Taller Permanente
_v26
590 _aInventariado, 2019/BT
650 0 _aNovela histórica dominicana.
_9860
650 0 _aLiteratura dominicana.
_967
651 0 _aREPÚBLICA DOMINICANA
_xHISTORIA
_yERA DE TRUJILLO, 1930-1961
_xNOVELA
_921999
830 0 _aBiblioteca Taller Permanente
_n26
_929473
910 _aValidado. Control de calidad. MMOLINA
942 _2ddc
_cLBS1
999 _c12348
_d12348